Volkes Stimme?: rechtspopulistische Überzeugungen der Mitte

Saved in:  
Bibliographic Details
Authors: Zick, Andreas 1962- (Author) ; Küpper, Beate 1968- (Author)
Format: Print Article
Language:German
Published: 2015
In: Aus Politik und Zeitgeschichte
Year: 2015, Volume: 65, Issue: 40, Pages: 9-16
Check availability: HBZ Gateway
Keywords:

MARC

LEADER 00000caa a2200000 c 4500
001 1634624629
003 DE-627
005 20250403111829.0
007 tu
008 150929s2015 xx ||||| 00| ||ger c
035 |a (DE-627)1634624629 
035 |a (DE-576)445850663 
035 |a (DE-599)BSZ445850663 
035 |a (DE-615)00935812 
040 |a DE-627  |b ger  |c DE-627  |e rakwb 
041 |a ger 
084 |a RA05.01  |2 fivr 
084 |a SG05.02  |2 fivs 
100 1 |a Zick, Andreas  |d 1962-  |0 (DE-588)115260978  |0 (DE-627)616449747  |0 (DE-576)176845097  |4 aut 
109 |a Zick, Andreas 1962- 
245 1 0 |a Volkes Stimme?  |b rechtspopulistische Überzeugungen der Mitte  |c Andreas Zick, Beate Küpper 
264 1 |c 2015 
336 |a Text  |b txt  |2 rdacontent 
337 |a ohne Hilfsmittel zu benutzen  |b n  |2 rdamedia 
338 |a Band  |b nc  |2 rdacarrier 
650 0 7 |0 (DE-588)4020588-5  |0 (DE-627)106317520  |0 (DE-576)208933956  |a Gesellschaft  |2 gnd 
650 0 7 |0 (DE-588)4113450-3  |0 (DE-627)105829390  |0 (DE-576)209476583  |a Entwicklung  |2 gnd 
650 0 7 |0 (DE-588)4229761-8  |0 (DE-627)10494563X  |0 (DE-576)210341874  |a Politische Bewegung  |2 gnd 
650 0 7 |0 (DE-588)4055707-8  |0 (DE-627)10446674X  |0 (DE-576)209115076  |a Soziale Bewegung  |2 gnd 
650 0 7 |0 (DE-588)4048744-1  |0 (DE-627)106189697  |0 (DE-576)209079096  |a Die Rechte  |2 gnd 
650 0 7 |0 (DE-588)4129521-3  |0 (DE-627)104331216  |0 (DE-576)209611200  |a Populismus  |2 gnd 
650 0 7 |0 (DE-588)4304361-6  |0 (DE-627)121639908  |0 (DE-576)211067431  |a Politische Mitte  |2 gnd 
650 0 7 |0 (DE-588)4132065-7  |0 (DE-627)105690465  |0 (DE-576)209632453  |a Politisches Bewusstsein  |2 gnd 
650 0 7 |0 (DE-588)4020630-0  |0 (DE-627)106317288  |0 (DE-576)208934219  |a Gesellschaftliches Bewusstsein  |2 gnd 
650 0 7 |0 (DE-588)4046588-3  |0 (DE-627)10619755X  |0 (DE-576)209070153  |a Politisches Verhalten  |2 gnd 
650 0 7 |0 (DE-588)4055903-8  |0 (DE-627)106156454  |0 (DE-576)209115866  |a Sozialverhalten  |2 gnd 
650 0 7 |0 (DE-588)4048829-9  |0 (DE-627)104325372  |0 (DE-576)209079428  |a Rechtsradikalismus  |2 gnd 
650 0 7 |0 (DE-588)4020832-1  |0 (DE-627)10631663X  |0 (DE-576)208934979  |a Gewalt  |2 gnd 
650 0 7 |0 (DE-588)4046514-7  |0 (DE-627)104152206  |0 (DE-576)209069945  |a Politik  |2 gnd 
650 0 7 |0 (DE-588)4043152-6  |0 (DE-627)104826274  |0 (DE-576)209054492  |a Öffentliche Meinung  |2 gnd 
650 0 7 |0 (DE-588)4038459-7  |0 (DE-627)106232223  |0 (DE-576)209030186  |a Meinung  |2 gnd 
650 0 7 |0 (DE-588)4294453-3  |0 (DE-627)104183446  |0 (DE-576)210961228  |a Tendenz  |2 gnd 
650 4 |a Rechtspopulismus 
651 7 |0 (DE-588)4011882-4  |0 (DE-627)104704861  |0 (DE-576)208896155  |a Deutschland  |2 gnd 
700 1 |a Küpper, Beate  |d 1968-  |0 (DE-588)123723922  |0 (DE-627)082729417  |0 (DE-576)176336567  |4 aut 
773 0 8 |i In  |t Aus Politik und Zeitgeschichte  |d Bonn : Bundeszentrale für Politische Bildung, 1953  |g 65(2015), 40, Seite 9-16  |w (DE-627)12930347X  |w (DE-600)123630-1  |w (DE-576)014497662  |x 0479-611X  |7 nnas 
773 1 8 |g volume:65  |g year:2015  |g number:40  |g pages:9-16 
936 f i |0 (DE-627)1756131678  |a RA05.01  |b Deutschland  |k Europa  |k Mitteleuropa  |k Deutschland  |2 fivr 
936 f i |0 (DE-627)175613605X  |a SG05.02  |b Öffentliche Meinung  |k Gesellschaft  |k Politische Kultur/Meinungsbildung  |k Öffentliche Meinung  |2 fivs 
938 1 0 |0 (DE-627)175614625X  |0 (DE-615)6603417  |a Deutschland  |2 fivt 
938 1 0 |0 (DE-627)1756237042  |0 (DE-615)6606545  |a Gesellschaftliche Prozesse  |2 fivt 
938 1 0 |0 (DE-627)175622496X  |0 (DE-615)6601408  |a Gesellschaftliche/Politische Bewegung  |2 fivt 
938 1 0 |0 (DE-627)1756154880  |0 (DE-615)6607357  |a Rechte (politisches Spektrum)  |2 fivt 
938 1 0 |0 (DE-627)1756196028  |0 (DE-615)6602153  |a Populismus  |2 fivt 
938 1 0 |0 (DE-627)1756143676  |0 (DE-615)6603343  |a Mitte (politisches Spektrum)  |2 fivt 
938 1 0 |0 (DE-627)1756243484  |0 (DE-615)6604904  |a Politisch-gesellschaftliches Bewusstsein  |2 fivt 
938 1 0 |0 (DE-627)1756184038  |0 (DE-615)6604620  |a Politisch-gesellschaftliches Verhalten  |2 fivt 
938 1 0 |0 (DE-627)1756153868  |0 (DE-615)6607421  |a Rechtsextremismus  |2 fivt 
938 1 0 |0 (DE-627)175617492X  |0 (DE-615)6609265  |a Politisch motivierte Gewaltanwendung  |2 fivt 
938 1 0 |0 (DE-627)1756232989  |0 (DE-615)6601115  |a Gemeinsamkeit  |2 fivt 
938 1 0 |0 (DE-627)1756181292  |0 (DE-615)6604477  |a Öffentliche Meinung  |2 fivt 
938 1 0 |0 (DE-627)1756149682  |0 (DE-615)6603124  |a Meinung/Einstellung  |2 fivt 
938 1 0 |0 (DE-627)1756180512  |0 (DE-615)6608343  |a Entwicklungsperspektive und -tendenz  |2 fivt 
938 1 1 |0 (DE-627)775990620  |0 (DE-588)1046235370  |a Alternative für Deutschland  |2 gnd  |2 fiva 
938 1 1 |0 (DE-627)1756183988  |0 (DE-615)6607777  |a Nationalismus  |2 fiva 
938 1 1 |0 (DE-627)1756151369  |0 (DE-615)6605339  |a Fremdenfeindlichkeit  |2 fiva 
938 1 1 |0 (DE-627)1756166463  |0 (DE-615)6603058  |a Euroskeptizismus/Eurooptimismus  |2 fiva 
951 |a AR 
ELC |b 1 
LOK |0 000 xxxxxcx a22 zn 4500 
LOK |0 001 3289934632 
LOK |0 003 DE-627 
LOK |0 004 1634624629 
LOK |0 005 20250403111829 
LOK |0 008 151118||||||||||||||||ger||||||| 
LOK |0 040   |a DE-21-110  |c DE-627  |d DE-21-110 
LOK |0 852   |a DE-21-110 
LOK |0 852 1  |m p  |9 00 
LOK |0 938   |k p 
LOK |0 939   |a 18-11-15  |b l01 
ORI |a SA-MARC-krimdoka001.raw